Diccionario de incorrecciones de lenguaje
সংরক্ষণ করুন:
| প্রধান লেখক: | |
|---|---|
| বিন্যাস: | গ্রন্থ |
| ভাষা: | স্প্যানিশ |
| প্রকাশিত: |
Madrid
Paraninfo
1956
|
| বিষয়গুলি: | |
| ট্যাগগুলো: |
ট্যাগ যুক্ত করুন
কোনো ট্যাগ নেই, প্রথমজন হিসাবে ট্যাগ করুন!
|
MARC
| LEADER | 00000nam a2200000 a 4500 | ||
|---|---|---|---|
| 001 | UCT3064 | ||
| 003 | CL-VaPUC | ||
| 008 | 961018e19560000SP |||||||||||||||||spa|d | ||
| 082 | 0 | 4 | |a 415 |b SAN |2 21 |
| 100 | 0 | |a Santamaría, Andrés |e author |9 372051 | |
| 245 | 1 | 0 | |a Diccionario de incorrecciones de lenguaje |
| 300 | |a 312 p | ||
| 942 | |c BK | ||
| 945 | |d 19961018 00:00:00 |a cmena | ||
| 260 | |a Madrid |b Paraninfo |c 1956 | ||
| 650 | 7 | |a LENGUAJE FAMILIAR |2 CL-VaPUC |9 334219 | |
| 650 | 7 | |a LENGUAJE FORMAL |2 CL-VaPUC |9 372052 | |
| 650 | 0 | |a Diccionarios |9 256200 | |
| 650 | 0 | |a Glosarios |9 261047 | |
| 650 | 0 | |a Español |9 255372 | |
| 650 | 7 | |a LENGUAS ROMANCES |2 CL-VaPUC |9 346632 | |
| 583 | |a last modification |c 19961018 00:00:00 |k Rodrigo Vera | ||
| 999 | |c 252890 |d 252888 | ||
| 952 | |0 0 |1 0 |4 0 |6 415_000000000000000_SAN_1956 |7 0 |8 X |9 273059 |a BIBCUR |b BIBCUR |d 2019-11-19 |i 1771353 |o 415 SAN 1956 |p 1771353 |r 2025-04-22 |w 2019-11-19 |y BK_X |k BCB | ||